Destinos del Aeropuerto Int. de La Chinita (Maracaibo) - Estadísticas

Estadísticas generales
  • Esta prueba ha sido intentada 6 veces
    2 desde el último reinicio
  • La puntuación promedio es 3 de 6
Estadísticas de respuestas
Aerolíneas Destino % Correcto
Avior AirlinesConviasa Estelar Latinoamérica
Laser Airlines
Rutaca Airlines
Venezolana
Caracas
100%
Conviasa Ciudad Guayana
50%
ConviasaVenezolana Porlamar
50%
Turpial Airlines Valencia (V)
50%
Conviasa Maturín
0%
Estelar Latinoamérica Santa Bárbara del Zulia
0%
No se encontraron pruebas coincidentes
Distribución de puntuación
Porcentaje de gente con cada puntuación
Porcentaje por número respondido
Historial de tus puntuaciones
No has intentado esta prueba desde el último reinicio